000 00270nam a22001217a 4500
008 240120b |||||||| |||| 00| 0 eng d
100 _aBare Act EBC
245 _aNotaries Act 1952
250 _a31st
260 _aLucknow
_bEBC
_c2023
300 _a32
942 _2ddc
_cBK
999 _c20491
_d20491